| 000 | 00661nam a2200205 a 4500 | ||
|---|---|---|---|
| 005 | 20240430063815.0 | ||
| 008 | 991125s1944 mx 000 0 spa u | ||
| 020 | _a9681600339 | ||
| 035 | _aUPN01000027464 | ||
| 049 | _aCG | ||
| 050 | 4 |
_aB3216 D8 _bH4.98 |
|
| 100 | 1 |
_aDilthey, Wilhelm, _d1833-1911 |
|
| 245 | 1 | 0 |
_aHegel y el idealismo / _cWilhelm Dilthey ; tr. y epílogo Eugenio Imaz. |
| 260 |
_aMéxico : _bFCE, _c1944. |
||
| 300 | _a383 p. | ||
| 440 | 0 |
_aSección de obras de filosofía. _pObras de Dilthey ; _v5 |
|
| 600 | 1 | 4 |
_aHEGEL, GEORG WILHELM FRIEDRICH, _d1770-1831 - _xCRITICA E INTERPRETACION _914130 |
| 650 | 2 |
_aIdealismo _922708 |
|
| 905 | _aLibro | ||
| 999 |
_c27464 _d27464 |
||